000 00419nam a2200181Ia 4500
001 14397
005 20260306164911.0
008 260306t1991||||xx |||||||||||||| ||spa||
041 _aESP
082 _a512.7
_bA94
100 _aAyres, Frank, Jr.
_eAUT
245 0 _aEcuaciones diferenciales
260 _c1991
300 _a296 páginas :
_c23 cm.
650 _aGEN
654 _aCMA
942 _cLIB
_dJUS
_fJUS
_2ddc
_n
999 _c14397
_d14397